[Event "Cocquio Trevisago op 15th"]
[Site "Cocquio Trevisago"]
[Date "2002.10.19"]
[Round "1"]
[White "Pepa, Syrja"]
[Black "Di Stefano, Claudio"]
[Result "1-0"]
[WhiteElo "1684"]
[BlackElo "1495"]
[PlyCount "87"]
[EventDate "2002.10.19"]
[EventType "swiss"]
[EventRounds "6"]
[EventCountry "ITA"]
[SourceTitle "EXT 2024"]
[Source "ChessBase"]
[SourceDate "2023.10.10"]
[SourceVersion "1"]
[SourceVersionDate "2023.10.10"]
[SourceQuality "1"]

1. e4 c5 2. Nf3 d6 3. d4 cxd4 4. Nxd4 Bd7 5. Nc3 g6 6. Bc4 Bg7 7. Be3 Nf6 8. h3 Nc6 9. Qd2 0-0 10. 0-0 Qc8 11. Be2 Ne5 12. Nd5 Nxd5 13. exd5 Nc4 14. Qc1 Nxe3 15. fxe3 Bxd4 16. exd4 Bf5 17. c4 b6 18. Qd2 Qb7 19. Qh6 Bd7 20. Rf4 f5 21. Rh4 Rf7 22. Rf4 b5 23. c5 dxc5 24. dxc5 Qxd5 25. b4 e5 26. Rff1 Bc6 27. Qg5 Qe4 28. Rae1 Qxb4 29. Rc1 Qb2 30. Rfe1 Qxa2 31. h4 Qe6 32. Rcd1 Qf6 33. Qh6 Rd7 34. Rxd7 Bxd7 35. Rd1 Rd8 36. Rd6 Qg7 37. Qd2 e4 38. c6 Qa1+ 39. Bf1 e3 40. Qxe3 Re8 41. cxd7 Rxe3 42. d8Q+ Kg7 43. Rd7+ Kh6 44. Qg5# 1-0